[Event "SVK-chT2D 1617"]
[Site "Slovakia"]
[Date "2017.03.11"]
[Round "10.7"]
[White "Holubcik, Marian"]
[Black "Ondas, Miroslav"]
[Result "1/2-1/2"]
[WhiteElo "1971"]
[BlackElo "1670"]
[PlyCount "60"]
[EventDate "2016.10.08"]
[EventType "team-tourn"]
[EventRounds "11"]
[EventCountry "SVK"]
[SourceTitle "EXT 2019"]
[Source "ChessBase"]
[SourceDate "2018.10.10"]
[SourceVersion "1"]
[SourceVersionDate "2018.10.10"]
[SourceQuality "1"]
[WhiteTeam "Kosice 1 CC"]
[BlackTeam "Margecany II"]
[WhiteTeamCountry "SVK"]
[BlackTeamCountry "SVK"]

1. f4 e6 2. Nf3 d5 3. e3 f5 4. Be2 Nf6 5. 0-0 g6 6. b3 Bg7 7. Bb2 0-0 8. Qe1 b6 9. d3 Bb7 10. Nbd2 Ng4 11. Bxg7 Kxg7 12. Bd1 Nd7 13. h3 Nh6 14. Ne5 Nxe5 15. fxe5 Qg5 16. Nf3 Qe7 17. Qg3 c5 18. Ng5 Nf7 19. Nxf7 Rxf7 20. Be2 Rg8 21. d4 Kh8 22. c3 Rfg7 23. Rab1 g5 24. b4 c4 25. Rf2 Qf7 26. Qf3 Qg6 27. Rc1 g4 28. hxg4 fxg4 29. Qf6 g3 30. Rf4 Bc8 1/2-1/2

[Event "SVK-chT2D 1617"]
[Site "Slovakia"]
[Date "2017.01.21"]
[Round "7.8"]
[White "Polovka, Milan"]
[Black "Ondas, Miroslav"]
[Result "1-0"]
[WhiteElo "1786"]
[BlackElo "1670"]
[PlyCount "159"]
[EventDate "2016.10.08"]
[EventType "team-tourn"]
[EventRounds "11"]
[EventCountry "SVK"]
[SourceTitle "EXT 2018"]
[Source "ChessBase"]
[SourceDate "2017.10.13"]
[SourceVersion "1"]
[SourceVersionDate "2017.10.13"]
[SourceQuality "1"]
[WhiteTeam "Spisska Nova Ves"]
[BlackTeam "Margecany II"]
[WhiteTeamCountry "SVK"]
[BlackTeamCountry "SVK"]

1. e4 e6 2. d4 d5 3. Bd3 f5 4. exf5 exf5 5. Nf3 Nf6 6. 0-0 Be7 7. b3 0-0 8. Bb2 c6 9. Nbd2 Ne4 10. c4 Be6 11. c5 Nd7 12. Rc1 Bf6 13. Ba1 g6 14. b4 a6 15. a4 Bg7 16. Qc2 Bh6 17. Rcd1 Ndf6 18. h3 Nxd2 19. Nxd2 Ne4 20. Nf3 g5 21. Ne5 Qc7 22. Rfe1 Bg7 23. f3 Bxe5 24. dxe5 Ng3 25. Bd4 Qg7 26. Bf2 Nh5 27. Kh2 Nf4 28. Bf1 Kh8 29. Be3 Nh5 30. Bf2 f4 31. Bd3 Rf7 32. Qe2 Qh6 33. Rh1 Rg8 34. Kg1 Ng7 35. Re1 Nf5 36. Bxf5 Bxf5 37. e6 Re7 38. Bd4+ Rgg7 39. Qe5 Qg6 40. Qb8+ Qe8 41. Bxg7+ Kxg7 42. Qe5+ Kg6 43. Qd6 Rxe6 44. Rxe6+ Qxe6 45. Kf2 Qxd6 46. cxd6 Kf6 47. Re1 Be6 48. g4 h6 49. Re2 Kf7 50. Ke1 b6 51. Kd2 c5 52. bxc5 bxc5 53. Kd3 d4 54. Re5 Kf6 55. Rxc5 Bd7 56. Kxd4 Ke6 57. Ra5 Bc6 58. Rxa6 Bxf3 59. Kc5 Bb7 60. Rb6 Bc8 61. Kc6 Bd7+ 62. Kc7 f3 63. a5 f2 64. Rb1 Bb5 65. Rd1 Be2 66. Ra1 Bb5 67. a6 Bxa6 68. d7 f1Q 69. Rxf1 Bxf1 70. d8Q Bxh3 71. Qd6+ Kf7 72. Qxh6 Bxg4 73. Qxg5 Be6 74. Kd6 Bc8 75. Qh6 Bf5 76. Qf4 Kg6 77. Ke5 Bc2 78. Qf6+ Kh5 79. Qf3+ Kh6 80. Qh3+ 1-0

[Event "SVK-chT2D 0607"]
[Site "Slovakia"]
[Date "2007.02.04"]
[Round "9.2"]
[White "Ondas, Miroslav"]
[Black "Dernar, Jan"]
[Result "1/2-1/2"]
[WhiteElo "1787"]
[BlackElo "1738"]
[PlyCount "40"]
[EventDate "2006.10.14"]
[EventType "team-tourn"]
[EventRounds "11"]
[EventCountry "SVK"]
[SourceTitle "EXT 2008"]
[Source "ChessBase"]
[SourceDate "2007.11.25"]
[SourceVersion "1"]
[SourceVersionDate "2007.11.25"]
[SourceQuality "1"]
[WhiteTeam "Margecany OSK II"]
[BlackTeam "Kosice Akademik"]
[WhiteTeamCountry "SVK"]
[BlackTeamCountry "SVK"]

1. d4 Nf6 2. e3 d5 3. f4 Bf5 4. Bd3 Ne4 5. Nf3 e6 6. c3 Nd7 7. Qc2 Bd6 8. Nbd2 Ndf6 9. Ng5 Nxd2 10. Bxd2 Bxd3 11. Qxd3 0-0 12. 0-0 h6 13. Nf3 c6 14. Rae1 Ne4 15. Bc1 f5 16. Qe2 Qe8 17. Nd2 Nf6 18. Qf3 Qg6 19. g3 Kh7 20. Kh1 Qg4 1/2-1/2

[Event "SVK-chT2D 0607"]
[Site "Slovakia"]
[Date "2006.11.25"]
[Round "3.1"]
[White "Koval, Maros"]
[Black "Ondas, Miroslav"]
[Result "1-0"]
[WhiteElo "1948"]
[BlackElo "1787"]
[PlyCount "63"]
[EventDate "2006.10.14"]
[EventType "team-tourn"]
[EventRounds "11"]
[EventCountry "SVK"]
[SourceTitle "EXT 2008"]
[Source "ChessBase"]
[SourceDate "2007.11.25"]
[SourceVersion "1"]
[SourceVersionDate "2007.11.25"]
[SourceQuality "1"]
[WhiteTeam "Presov PSK"]
[BlackTeam "Margecany OSK II"]
[WhiteTeamCountry "SVK"]
[BlackTeamCountry "SVK"]

1. e4 e6 2. d4 d5 3. Nc3 f5 4. exf5 exf5 5. Bd3 Nf6 6. Bg5 Be7 7. Qf3 Qd7 8. Nge2 c6 9. Ng3 Qe6+ 10. Nce2 g6 11. 0-0-0 Ne4 12. Bxe7 Qxe7 13. h4 Nd7 14. h5 Qg5+ 15. Kb1 Rg8 16. Nf4 Ndf6 17. hxg6 hxg6 18. c4 Bd7 19. cxd5 cxd5 20. Nge2 Rc8 21. g3 Ng4 22. Nxd5 Ngxf2 23. Bxe4 Nxe4 24. Ndf4 Qe7 25. Rhe1 Qb4 26. Nc3 Qc4 27. Ka1 Kf7 28. Nxe4 fxe4 29. Qxe4 Rce8 30. Qf3 Rxe1 31. Rxe1 Bf5 32. Qxb7+ 1-0